World Capitals Containing the Letter N - Statistics

General Stats
  • This quiz has been taken 6,866 times
  • The average score is 73 of 94
Answer Stats
Continent Capital % Correct
Europe Berlin
92%
Europe London
91%
North America Washington, DC
91%
Europe Bern
89%
Europe Lisbon
89%
Oceania Wellington
89%
Oceania Canberra
88%
Africa Nairobi
88%
Europe Dublin
86%
Europe Andorra la Vella
85%
South America Buenos Aires
85%
Europe Helsinki
85%
Asia New Delhi
85%
South America Santiago
85%
Europe Athens
84%
North America Kingston
84%
North America Kingstown
84%
Europe San Marino
84%
Asia Ankara
83%
South America Georgetown
83%
Asia Nicosia
83%
Europe Tallinn
83%
Asia Bangkok
82%
Europe Copenhagen
82%
South America Montevideo
82%
North America Nassau
82%
Asia Manila
81%
Asia Pyongyang
81%
South America Asuncion
80%
Africa Freetown
80%
Asia Hanoi
80%
Europe Minsk
80%
North America Panama City
80%
North America San Jose
80%
North America Santo Domingo
80%
Asia Tehran
80%
Europe Vilnius
80%
North America Bridgetown
79%
North America Managua
79%
Europe Monaco
79%
Asia Nur-Sultan
79%
North America Saint John's
79%
Europe Vienna
79%
Asia Yerevan
79%
Asia Beijing
78%
Africa Cape Town
78%
North America San Salvador
78%
Asia Singapore
78%
Africa Tunis
78%
Africa Antananarivo
77%
Africa Niamey
77%
Asia Sana'a
77%
Asia Amman
76%
Asia Bandar Seri Begawan
76%
Asia Dushanbe
76%
North America Havana
76%
Asia Kathmandu
76%
Oceania Nuku'alofa
76%
Asia Phnom Penh
76%
Europe Vatican City
76%
Asia Vientiane
76%
Europe Chisinau
75%
Africa Nouakchott
75%
North America Port of Spain
75%
Europe Pristina
75%
Europe Tirana
75%
Asia Ulaanbaatar
75%
North America Belmopan
74%
Africa Kinshasa
74%
Europe Ljubljana
74%
Asia Manama
74%
Asia Naypyidaw
74%
Africa N'djamena
74%
North America Port-au-Prince
74%
Asia Tashkent
74%
Africa Bangui
73%
Africa Banjul
73%
Africa Luanda
72%
Oceania Ngerulmud
72%
North America Saint George's
72%
Africa Windhoek
72%
Oceania Honiara
70%
Africa Monrovia
70%
Oceania Yaren
69%
Africa Bloemfontein
68%
Oceania Funafuti
68%
Africa Gaborone
68%
Asia Sri Jayawardenepura Kotte
67%
Africa Porto-Novo
66%
Africa Yaounde
66%
Africa Conakry
65%
Africa Moroni
63%
Africa Lilongwe
59%
Africa Mbabane
55%
No matching quizzes found
Score Distribution
Percent of People with Each Score
Percentile by Number Answered
Your Score History
You have not taken this quiz